Minidicionário Saraiva (Record no. 73907)

MARC details
000 -LÍDER
campo de controle de tamanho fixo 00338 a2200145 4500
001 - NÚMERO DE CONTROLE
campo de controle 73907
020 ## - ISBN - INTERNATIONAL STANDARD BOOK NUMBER
ISBN - International Standard Book Number 850203269-0
040 ## - FONTE DA CATALOGAÇÃO
Instituição que transcreveu o registro Anchieta - Colégio São Paulo
240 10 - TÍTULO UNIFORME
Título uniforme Minidicionário Saraiva
Idioma da obra por
245 10 - TÍTULO
Título Minidicionário Saraiva
300 ## - DESCRIÇÃO FÍSICA
Extensão 315
362 0# - DATAS DE PUBLICAÇÃO E/OU DESIGNAÇÃO SEQUENCIAL
Datas de publicação e/ou designação sequencial 2005
650 #4 - ASSUNTO--TERMO TÓPICO
Cabeçalho tópico ou nome geográfico Obras enciclopédicas gerais
942 ## - ELEMENTOS DE ENTRADA ADICIONADOS (KOHA)
Tipo de material Koha Livros
Holdings
Situação do descarte Situação das perdas Situação física Não pode ser emprestado Biblioteca de origem Biblioteca atual Data de aquisição Total de empréstimos Número de chamada completo Código de barras Data de último acesso Data do preço efetivo Tipo de material Koha
        Colégio São Paulo Colégio São Paulo 22/11/2023   030 M665 4283/CSP 22/11/2023 22/11/2023 Livros
        Colégio São Paulo Colégio São Paulo 22/11/2023   030 M665 4285/CSP 22/11/2023 22/11/2023 Livros